Statistics for Name the Countries of North America

Click here to take the quiz!

General Stats

  • This quiz has been taken 20 times
  • The average score is 18 of 23

Answers on the Map

Answers color-coded by a green-red scale on the quiz's map according to % correct below.
 

Answer Stats

Answer% Correct
Usa
100%
Canada
95%
Mexico
95%
Cuba
90%
Dominican Republic
85%
Costa Rica
80%
Haiti
80%
Jamaica
80%
Panama
80%
Antigua And Barbuda
75%
Bahamas
75%
Belize
75%
Dominica
75%
Guatemala
75%
Honduras
75%
Nicaragua
75%
Trinidad And Tobago
75%
El Salvador
70%
St Kitts And Nevis
70%
St Lucia
70%
St Vincent and the Grenadines
70%
Barbados
65%
Grenada
65%

Score Distribution

Percentile by Number Answered

Percent of People with Each Score

Your Score History

You have not taken this quiz